000 00471nam a2200169Ia 4500
003 OSt
005 20200121144940.0
008 190216s9999||||xx |||||||||||||| ||und||
040 _coclc
082 _a658.3
_bMAM/P
100 _aMamoria, C B
_91239
245 0 _aPersonnel Management /
_cC B Mamoria
250 _a3rd ed.
260 _bHimalaya Publishing House,
_c1999.
_aMumbai:
300 _a978p
942 _cBK
_2ddc
_h658.3
_iMAM/P
_k658.3
_mMAM/P
999 _c5701
_d5701